<?xml version="1.0" encoding="UTF-8"?>
<record
    xmlns:xsi="http://www.w3.org/2001/XMLSchema-instance"
    xsi:schemaLocation="http://www.loc.gov/MARC21/slim http://www.loc.gov/standards/marcxml/schema/MARC21slim.xsd"
    xmlns="http://www.loc.gov/MARC21/slim">

  <leader>00540nam a2200193Ia 4500</leader>
  <controlfield tag="008">221125s9999    xx            000 0 und d</controlfield>
  <datafield tag="020" ind1=" " ind2=" ">
    <subfield code="a">978-93-80358-12-3</subfield>
  </datafield>
  <datafield tag="041" ind1=" " ind2=" ">
    <subfield code="a">eng</subfield>
  </datafield>
  <datafield tag="082" ind1=" " ind2=" ">
    <subfield code="a">696.18 RAN/RAN</subfield>
  </datafield>
  <datafield tag="100" ind1=" " ind2=" ">
    <subfield code="a">Rangwala K S</subfield>
  </datafield>
  <datafield tag="245" ind1=" " ind2=" ">
    <subfield code="a">Water Supply And Sanitary Engineering : Environmental Engineering</subfield>
  </datafield>
  <datafield tag="250" ind1=" " ind2=" ">
    <subfield code="a">24th</subfield>
  </datafield>
  <datafield tag="260" ind1=" " ind2=" ">
    <subfield code="b">Charotar Publishing House</subfield>
    <subfield code="a">Anand</subfield>
    <subfield code="c">2010</subfield>
  </datafield>
  <datafield tag="300" ind1=" " ind2=" ">
    <subfield code="a">888p</subfield>
  </datafield>
  <datafield tag="500" ind1=" " ind2=" ">
    <subfield code="a">Architecture</subfield>
  </datafield>
  <datafield tag="520" ind1=" " ind2=" ">
    <subfield code="a">Withdrawn</subfield>
  </datafield>
  <datafield tag="650" ind1=" " ind2=" ">
    <subfield code="a">Building Services</subfield>
  </datafield>
  <datafield tag="700" ind1=" " ind2=" ">
    <subfield code="a">Rangwala P S Rangwala S C.</subfield>
    <subfield code="9">17860</subfield>
  </datafield>
  <datafield tag="999" ind1=" " ind2=" ">
    <subfield code="c">83417</subfield>
    <subfield code="d">83417</subfield>
  </datafield>
  <datafield tag="952" ind1=" " ind2=" ">
    <subfield code="0">1</subfield>
    <subfield code="1">0</subfield>
    <subfield code="4">0</subfield>
    <subfield code="7">0</subfield>
    <subfield code="a">BNCA</subfield>
    <subfield code="b">BNCA</subfield>
    <subfield code="c">G1</subfield>
    <subfield code="d">2010-07-16</subfield>
    <subfield code="e">Word Book Shop</subfield>
    <subfield code="g">149.00</subfield>
    <subfield code="o">628.1 RAN/RAN</subfield>
    <subfield code="p">BNCA-BK-7026</subfield>
    <subfield code="r">2022-11-25 00:00:00</subfield>
    <subfield code="v">175.00</subfield>
    <subfield code="w">2010-07-16</subfield>
    <subfield code="y">BK</subfield>
    <subfield code="z">B007026</subfield>
  </datafield>
  <datafield tag="952" ind1=" " ind2=" ">
    <subfield code="0">1</subfield>
    <subfield code="1">0</subfield>
    <subfield code="4">0</subfield>
    <subfield code="7">0</subfield>
    <subfield code="a">BNCA</subfield>
    <subfield code="b">BNCA</subfield>
    <subfield code="c">G1</subfield>
    <subfield code="d">2010-07-16</subfield>
    <subfield code="e">Word Book Shop</subfield>
    <subfield code="g">149.00</subfield>
    <subfield code="o">628.1 RAN/RAN</subfield>
    <subfield code="p">BNCA-BK-7027</subfield>
    <subfield code="r">2022-11-25 00:00:00</subfield>
    <subfield code="v">175.00</subfield>
    <subfield code="w">2010-07-16</subfield>
    <subfield code="y">BK</subfield>
    <subfield code="z">B007027</subfield>
  </datafield>
  <datafield tag="952" ind1=" " ind2=" ">
    <subfield code="0">1</subfield>
    <subfield code="1">0</subfield>
    <subfield code="4">0</subfield>
    <subfield code="7">0</subfield>
    <subfield code="a">BNCA</subfield>
    <subfield code="b">BNCA</subfield>
    <subfield code="c">G1</subfield>
    <subfield code="d">2010-07-16</subfield>
    <subfield code="e">Word Book Shop</subfield>
    <subfield code="g">149.00</subfield>
    <subfield code="o">628.1 RAN/RAN</subfield>
    <subfield code="p">BNCA-BK-7028</subfield>
    <subfield code="r">2022-11-25 00:00:00</subfield>
    <subfield code="v">175.00</subfield>
    <subfield code="w">2010-07-16</subfield>
    <subfield code="y">BK</subfield>
    <subfield code="z">B007028</subfield>
  </datafield>
  <datafield tag="952" ind1=" " ind2=" ">
    <subfield code="0">0</subfield>
    <subfield code="1">0</subfield>
    <subfield code="4">0</subfield>
    <subfield code="7">0</subfield>
    <subfield code="a">BNCA</subfield>
    <subfield code="b">BNCA</subfield>
    <subfield code="c">G1</subfield>
    <subfield code="d">2010-07-16</subfield>
    <subfield code="e">Word Book Shop</subfield>
    <subfield code="g">149.00</subfield>
    <subfield code="l">0</subfield>
    <subfield code="o">628.1 RAN/RAN</subfield>
    <subfield code="p">BNCA-BK-7029</subfield>
    <subfield code="r">2022-11-25 00:00:00</subfield>
    <subfield code="v">175.00</subfield>
    <subfield code="w">2010-07-16</subfield>
    <subfield code="y">BK</subfield>
    <subfield code="z">B007029</subfield>
  </datafield>
  <datafield tag="952" ind1=" " ind2=" ">
    <subfield code="0">1</subfield>
    <subfield code="1">0</subfield>
    <subfield code="4">0</subfield>
    <subfield code="7">0</subfield>
    <subfield code="a">BNCA</subfield>
    <subfield code="b">BNCA</subfield>
    <subfield code="c">G1</subfield>
    <subfield code="d">2010-07-16</subfield>
    <subfield code="e">Word Book Shop</subfield>
    <subfield code="g">149.00</subfield>
    <subfield code="o">628.1 RAN/RAN</subfield>
    <subfield code="p">BNCA-BK-7030</subfield>
    <subfield code="r">2022-11-25 00:00:00</subfield>
    <subfield code="v">175.00</subfield>
    <subfield code="w">2010-07-16</subfield>
    <subfield code="y">BK</subfield>
    <subfield code="z">B007030</subfield>
  </datafield>
  <datafield tag="952" ind1=" " ind2=" ">
    <subfield code="0">1</subfield>
    <subfield code="1">0</subfield>
    <subfield code="4">0</subfield>
    <subfield code="7">0</subfield>
    <subfield code="a">BNCA</subfield>
    <subfield code="b">BNCA</subfield>
    <subfield code="c">G1</subfield>
    <subfield code="d">2010-07-16</subfield>
    <subfield code="e">Word Book Shop</subfield>
    <subfield code="g">149.00</subfield>
    <subfield code="o">628.1 RAN/RAN</subfield>
    <subfield code="p">BNCA-BK-7031</subfield>
    <subfield code="r">2022-11-25 00:00:00</subfield>
    <subfield code="v">175.00</subfield>
    <subfield code="w">2010-07-16</subfield>
    <subfield code="y">BK</subfield>
    <subfield code="z">B007031</subfield>
  </datafield>
  <datafield tag="952" ind1=" " ind2=" ">
    <subfield code="0">0</subfield>
    <subfield code="1">0</subfield>
    <subfield code="4">0</subfield>
    <subfield code="7">0</subfield>
    <subfield code="a">BNCA</subfield>
    <subfield code="b">BNCA</subfield>
    <subfield code="c">G1</subfield>
    <subfield code="d">2010-07-16</subfield>
    <subfield code="e">Word Book Shop</subfield>
    <subfield code="g">149.00</subfield>
    <subfield code="l">0</subfield>
    <subfield code="o">628.1 RAN/RAN</subfield>
    <subfield code="p">BNCA-BK-7032</subfield>
    <subfield code="r">2022-11-25 00:00:00</subfield>
    <subfield code="v">175.00</subfield>
    <subfield code="w">2010-07-16</subfield>
    <subfield code="y">BK</subfield>
    <subfield code="z">B007032</subfield>
  </datafield>
  <datafield tag="952" ind1=" " ind2=" ">
    <subfield code="0">0</subfield>
    <subfield code="1">0</subfield>
    <subfield code="4">0</subfield>
    <subfield code="7">0</subfield>
    <subfield code="a">BNCA</subfield>
    <subfield code="b">BNCA</subfield>
    <subfield code="c">G1</subfield>
    <subfield code="d">2010-07-16</subfield>
    <subfield code="e">Word Book Shop</subfield>
    <subfield code="g">149.00</subfield>
    <subfield code="l">0</subfield>
    <subfield code="o">628.1 RAN/RAN</subfield>
    <subfield code="p">BNCA-BK-7033</subfield>
    <subfield code="r">2022-11-25 00:00:00</subfield>
    <subfield code="v">175.00</subfield>
    <subfield code="w">2010-07-16</subfield>
    <subfield code="y">BK</subfield>
    <subfield code="z">B007033</subfield>
  </datafield>
  <datafield tag="952" ind1=" " ind2=" ">
    <subfield code="0">1</subfield>
    <subfield code="1">0</subfield>
    <subfield code="4">0</subfield>
    <subfield code="7">0</subfield>
    <subfield code="a">BNCA</subfield>
    <subfield code="b">BNCA</subfield>
    <subfield code="c">G1</subfield>
    <subfield code="d">2010-07-16</subfield>
    <subfield code="e">Word Book Shop</subfield>
    <subfield code="g">149.00</subfield>
    <subfield code="o">628.1 RAN/RAN</subfield>
    <subfield code="p">BNCA-BK-7034</subfield>
    <subfield code="r">2022-11-25 00:00:00</subfield>
    <subfield code="v">175.00</subfield>
    <subfield code="w">2010-07-16</subfield>
    <subfield code="y">BK</subfield>
    <subfield code="z">B007034</subfield>
  </datafield>
  <datafield tag="952" ind1=" " ind2=" ">
    <subfield code="0">0</subfield>
    <subfield code="1">0</subfield>
    <subfield code="4">0</subfield>
    <subfield code="7">0</subfield>
    <subfield code="a">BNCA</subfield>
    <subfield code="b">BNCA</subfield>
    <subfield code="c">G1</subfield>
    <subfield code="d">2010-07-16</subfield>
    <subfield code="e">Word Book Shop</subfield>
    <subfield code="g">149.00</subfield>
    <subfield code="l">0</subfield>
    <subfield code="o">628.1 RAN/RAN</subfield>
    <subfield code="p">BNCA-BK-7035</subfield>
    <subfield code="r">2022-11-25 00:00:00</subfield>
    <subfield code="v">175.00</subfield>
    <subfield code="w">2010-07-16</subfield>
    <subfield code="y">BK</subfield>
    <subfield code="z">B007035</subfield>
  </datafield>
  <datafield tag="952" ind1=" " ind2=" ">
    <subfield code="0">0</subfield>
    <subfield code="1">0</subfield>
    <subfield code="4">0</subfield>
    <subfield code="7">0</subfield>
    <subfield code="a">BNCA</subfield>
    <subfield code="b">BNCA</subfield>
    <subfield code="c">G1</subfield>
    <subfield code="d">2010-07-16</subfield>
    <subfield code="e">Word Book Shop</subfield>
    <subfield code="g">149.00</subfield>
    <subfield code="l">0</subfield>
    <subfield code="o">628.1 RAN/RAN</subfield>
    <subfield code="p">BNCA-BK-7036</subfield>
    <subfield code="r">2022-11-25 00:00:00</subfield>
    <subfield code="v">175.00</subfield>
    <subfield code="w">2010-07-16</subfield>
    <subfield code="y">BK</subfield>
    <subfield code="z">B007036</subfield>
  </datafield>
  <datafield tag="952" ind1=" " ind2=" ">
    <subfield code="0">0</subfield>
    <subfield code="1">0</subfield>
    <subfield code="4">0</subfield>
    <subfield code="7">0</subfield>
    <subfield code="a">BNCA</subfield>
    <subfield code="b">BNCA</subfield>
    <subfield code="c">G1</subfield>
    <subfield code="d">2010-07-16</subfield>
    <subfield code="e">Word Book Shop</subfield>
    <subfield code="g">149.00</subfield>
    <subfield code="l">0</subfield>
    <subfield code="o">628.1 RAN/RAN</subfield>
    <subfield code="p">BNCA-BK-7037</subfield>
    <subfield code="r">2022-11-25 00:00:00</subfield>
    <subfield code="v">175.00</subfield>
    <subfield code="w">2010-07-16</subfield>
    <subfield code="y">BK</subfield>
    <subfield code="z">B007037</subfield>
  </datafield>
  <datafield tag="952" ind1=" " ind2=" ">
    <subfield code="0">1</subfield>
    <subfield code="1">0</subfield>
    <subfield code="4">0</subfield>
    <subfield code="7">0</subfield>
    <subfield code="8">Book of B Arch</subfield>
    <subfield code="a">BNCA</subfield>
    <subfield code="b">BNCA</subfield>
    <subfield code="c">G1</subfield>
    <subfield code="d">2010-07-16</subfield>
    <subfield code="e">Word Book Shop</subfield>
    <subfield code="g">149.00</subfield>
    <subfield code="o">628.1 RAN/RAN</subfield>
    <subfield code="p">BNCA-BK-7038</subfield>
    <subfield code="r">2022-11-25 00:00:00</subfield>
    <subfield code="v">175.00</subfield>
    <subfield code="w">2010-07-16</subfield>
    <subfield code="y">BK</subfield>
    <subfield code="z">B007038</subfield>
  </datafield>
  <datafield tag="952" ind1=" " ind2=" ">
    <subfield code="0">1</subfield>
    <subfield code="1">0</subfield>
    <subfield code="4">0</subfield>
    <subfield code="7">0</subfield>
    <subfield code="8">Book of B Arch</subfield>
    <subfield code="a">BNCA</subfield>
    <subfield code="b">BNCA</subfield>
    <subfield code="c">G1</subfield>
    <subfield code="d">2010-07-16</subfield>
    <subfield code="e">Word Book Shop</subfield>
    <subfield code="g">149.00</subfield>
    <subfield code="o">628.1 RAN/RAN</subfield>
    <subfield code="p">BNCA-BK-7039</subfield>
    <subfield code="r">2022-11-25 00:00:00</subfield>
    <subfield code="v">175.00</subfield>
    <subfield code="w">2010-07-16</subfield>
    <subfield code="y">BK</subfield>
    <subfield code="z">B007039</subfield>
  </datafield>
  <datafield tag="952" ind1=" " ind2=" ">
    <subfield code="0">1</subfield>
    <subfield code="1">0</subfield>
    <subfield code="4">0</subfield>
    <subfield code="7">0</subfield>
    <subfield code="8">Book of B Arch</subfield>
    <subfield code="a">BNCA</subfield>
    <subfield code="b">BNCA</subfield>
    <subfield code="c">G1</subfield>
    <subfield code="d">2010-07-16</subfield>
    <subfield code="e">Word Book Shop</subfield>
    <subfield code="g">149.00</subfield>
    <subfield code="o">628.1 RAN/RAN</subfield>
    <subfield code="p">BNCA-BK-7040</subfield>
    <subfield code="r">2022-11-25 00:00:00</subfield>
    <subfield code="v">175.00</subfield>
    <subfield code="w">2010-07-16</subfield>
    <subfield code="y">BK</subfield>
    <subfield code="z">B007040</subfield>
  </datafield>
</record>
